00277nam a2200121Ia 4500008004100000041000900041082002000050100001700070245002000087260003200107300000800139650000800147230718s9999 xx 000 0 und d aEng. a347.4206bIQB-L aIqbal, Zafar 0aLaw of Evidence aPakistanbManzoor Lawc2015 a374 aLaw